Le probléme de l'univers / (Record no. 106926)

MARC details
000 -LEADER
campo de control de longitud fija 00490nam a2200157 4500
001 - NÚMERO DE CONTROL
campo de control 106926
003 - IDENTIFICADOR DE NÚMERO DE CONTROL
campo de control ES-MaACL
005 - FECHA Y HORA DE LA ÚLTIMA TRANSACCIÓN
campo de control 20230906184316.0
007 - CAMPO FIJO DE DESCRIPCIÓN FÍSICA--INFORMACIÓN GENERAL
campo de control de longitud fija t|
008 - DATOS DE LONGITUD FIJA--INFORMACIÓN GENERAL
campo de control de longitud fija 061121s1920 po r ||||1| fre d
100 1# - ENTRADA PRINCIPAL--NOMBRE DE PERSONA
Nombre de persona Moraes Carvalho, Alberto Antonio.
9 (RLIN) 82906
245 13 - MENCIÓN DEL TÍTULO
Título Le probléme de l'univers /
Mención de responsabilidad, etc. par Alberto Antonio Moraes Carvalho.
260 ## - PUBLICACIÓN, DISTRIBUCIÓN, ETC.
Lugar de publicación, distribución, etc. Lisbonne :
Nombre del editor, distribuidor, etc. [s.n.],
Fecha de publicación, distribución, etc. 1920 (
Fabricante Typ. da Empresa Diario de Noticias)
300 ## - DESCRIPCIÓN FÍSICA
Extensión VIII, 548 p. ;
Dimensiones 24 cm.
852 ## - LOCALIZACIÓN
Ubicación ES-MaACL
Número de control de estantería F-1806
Holdings
Estatus retirado Estado de pérdida Estado de daño No para préstamo Biblioteca de origen Biblioteca actual Ubicación en estantería Fecha de adquisición Fuente de adquisición Total de préstamos Signatura topográfica completa Código de barras Visto por última vez Precio de reemplazo Tipo de ítem Koha
        Biblioteca del Ateneo de Madrid Biblioteca del Ateneo de Madrid Depósito 2 17/01/2008     F-1806 1111608 23/02/2023 23/02/2023 Libro impreso